हवेली से बाहर / (Record no. 116748)

MARC details
000 -LEADER
fixed length control field 01128nam a22002777a 4500
003 - CONTROL NUMBER IDENTIFIER
control field dpl
005 - DATE AND TIME OF LATEST TRANSACTION
control field 20181003155250.0
008 - FIXED-LENGTH DATA ELEMENTS--GENERAL INFORMATION
fixed length control field 181003b ||||| |||| 00| 0 eng d
010 ## - LIBRARY OF CONGRESS CONTROL NUMBER
LC control number B-043586
020 ## - INTERNATIONAL STANDARD BOOK NUMBER
Terms of availability 250.00
International Standard Book Number 8176750220
035 ## - SYSTEM CONTROL NUMBER
System control number B-043586, B-043603
037 ## - SOURCE OF ACQUISITION
Source of stock number/acquisition Cen Lib/Ret
040 ## - CATALOGING SOURCE
Original cataloging agency DPL
Language of cataloging HN
Transcribing agency 0
082 ## - DEWEY DECIMAL CLASSIFICATION NUMBER
Classification number
Item number राजकु
100 ## - MAIN ENTRY--PERSONAL NAME
Personal name राजकुमार राकेश
9 (RLIN) 68130
245 ## - TITLE STATEMENT
Title हवेली से बाहर /
Statement of responsibility, etc राजकुमार राकेश
246 ## - VARYING FORM OF TITLE
Title proper/short title Haweli se bahar /
Remainder of title by Rajkumar Rakesh
260 ## - PUBLICATION, DISTRIBUTION, ETC. (IMPRINT)
Place of publication, distribution, etc नई दिल्ली
Name of publisher, distributor, etc आधार प्रकाशन
Date of publication, distribution, etc 2000
270 ## - ADDRESS
City नई दिल्ली
Address एस.सी.ऍफ़ 267 सेक्टर 16 पंचकूला
Postal code 134113
300 ## - PHYSICAL DESCRIPTION
Extent 360पृ.
Dimensions 19सेमी (सजिल्द)
650 ## - SUBJECT ADDED ENTRY--TOPICAL TERM
Topical term or geographic name as entry element हिंदी साहित्य
9 (RLIN) 68131
650 ## - SUBJECT ADDED ENTRY--TOPICAL TERM
Topical term or geographic name as entry element हिंदी साहित्य
General subdivision उपन्यास
9 (RLIN) 42619
650 ## - SUBJECT ADDED ENTRY--TOPICAL TERM
Topical term or geographic name as entry element Hindi literature
9 (RLIN) 68132
650 ## - SUBJECT ADDED ENTRY--TOPICAL TERM
Topical term or geographic name as entry element Hindi literature
General subdivision fiction
9 (RLIN) 68133
942 ## - ADDED ENTRY ELEMENTS (KOHA)
Source of classification or shelving scheme Dewey Decimal Classification
Koha item type Hindi Books
Classification part
Call number suffix राजकु
Holdings
Withdrawn status Lost status Damaged status Not for loan Home library Current library Date acquired Source of acquisition Cost, normal purchase price Total Checkouts Full call number Barcode Date last seen Copy number Cost, replacement price Price effective from Koha item type Source of classification or shelving scheme Collection code Date checked out
        Central Library Central Library 25/08/2015 Cen Lib/Ref 250.00   उ राजकु B-043586 25/08/2015 1 250.00 25/08/2015 Hindi Books      
        Shahdara Branch Shahdara Branch 03/10/2018 BPPD/PUB 250.00 2 उ राजकु B-043603 21/03/2020   250.00 03/10/2018 Hindi Books Dewey Decimal Classification Fiction 16/03/2020

© Delhi Public Library
Hit Counter
free hit counter